Linear algebra

Αποθηκεύτηκε σε:
Λεπτομέρειες βιβλιογραφικής εγγραφής
Κύριος συγγραφέας: Janich, Klaus
Μορφή: Βιβλίο
Γλώσσα:English
Δημοσίευση: New York ; Berlin : Springer, c1994
Σειρά:Undergraduate texts in mathematics
Θέματα:
Ετικέτες: Προσθήκη ετικέτας
Δεν υπάρχουν, Καταχωρήστε ετικέτα πρώτοι!

MARC

LEADER 00000nam a2200000 i 4500
001 1/79877
008 990506s1994 eng d
020 |a 0-387-94128-2 
035 |l 10050496 
040 |a GR-MY-UA  |b gre  |e aacr 
041 0 |a eng 
082 0 |a 512.5 
100 1 |a Janich, Klaus. 
245 1 0 |a Linear algebra /  |c Klaus Janich 
260 |a New York ; Berlin :   |b Springer,   |c c1994 
300 |a ix, 204 p.;  |b ill.;  |c 25 cm. 
490 1 |a Undergraduate texts in mathematics 
500 |a Includes bibliographical references and index 
650 0 0 |a Algebras, Linear. 
830 0 |a Undergraduate texts in mathematics 
852 |a INST  |b CHIOS  |e 20050302  |h 512.5 JAN  |p 005200022481  |q 005200022481  |t BK  |y 0 
852 |a INST  |b SAMOS  |e 19990506  |h 512.5 JAN  |p 005300014763  |q 005300014763  |t BK  |y 0 
901 |a BIBL2-2005-1 
901 |a BIBL-1999-2 
909 |a Σ  |b 064611 
909 |a Χ  |b 112458 
920 |a ΔΙΕΥΡΥΝΣΗ  |b ΕΠΕΑΕΚ-ΤΜΟΔ  |y ΧΙΟΣ  |z 2004-12 
922 |a 3ΕΛΗ  |b 199902  |c ΚΠΣ  |d GLORY